MESTSKÁ KNIŽNICA GIRALTOVCE  - online katalóg 

Štát a právo v službách životného prostredia (Record no. 15274)

000 -NÁVESTIE
fixed length control field 00606nam a2200217 a 4500
008 - ÚDAJE S PEVNOU DĹŽKOU – VŠEOBECNÉ INFORMÁCIE
fixed length control field 951031s1993||||xo 0 slo c
020 ## - MEDZINÁRODNÉ ŠTANDARDNÉ ČÍSLO KNIHY (ISBN)
Medzinárodné štandardné číslo knihy (ISBN) 8088699002
Údaje o dostupnosti 10
040 ## - ZDROJ KATALOGIZÁCIE
Pôvodná katalogizujúca agentúra SNK
Jazyk katalogizácie slo
Prepisujúca agentúra SNK
Konvencie popisu AACR2
041 1# - KÓD JAZYKA
Kód jazyka textu/zvukovej stopy alebo samostatných nápisov slo
044 ## - KÓD KRAJINY VYDAVATEĽA/PRODUCENTA
Kód krajiny MARC xo
Kód krajiny ISO SK
080 ## - ČÍSLO MEDZINÁRODNÉHO DESATINNÉHO TRIEDENIA (MDT)
Číslo Medzinárodného desatinného triedenia (MDT) 349.6
080 ## - ČÍSLO MEDZINÁRODNÉHO DESATINNÉHO TRIEDENIA (MDT)
Číslo Medzinárodného desatinného triedenia (MDT) 504
100 1# - OSOBNÉ MENÁ – VŠEOBECNÉ INFORMÁCIE
Osobné meno Drgonec, Ján
Kód roly aut
245 10 - NÁZOV
Názov Štát a právo v službách životného prostredia
Údaj o zodpovednosti atď. Ján Drgonec ; Ilustr. Fedor Vico
250 ## - ÚDAJ O PORADÍ VYDANIA
Údaj o poradí vydania [1. vyd.]
260 ## - VYDAVATEĽSKÉ ÚDAJE, DISTRIBÚCIA ATĎ.
Miesto publikovania, distribúcie atď. Prešov
Názov vydavateľa, distibútora atď. ABIES
Dátum publikovania, distribúcie atď. 1993
300 ## - FYZICKÝ POPIS
Rozsah 147 s.
Ďalšie fyzické detaily Pozn., lit. 19 zázn. v angl.
Rozmery 21 cm
490 0# - EDÍCIA
Edícia Zelené vrece
700 1# - PRIDANÝ VSTUP – OSOBNÉ MENO
Osobné meno Vico, Fedor
Kód roly ill
958 ## - Formálny deskriptor
Formálny deskriptor APR
Holdings
Stav stiahnutia (Blokovanie) (Withrawn status) Stav straty Stav poškodenia (Damaged status) Nie pre výpožičky (Not for loan) Spôsob nadobudnutia (Collection code) Trvalé umiestnenie Aktuálne umiestnenie Dátum nadobudnutia Náklady, bežná kúpna cena Inventárne číslo (prírastkové číslo) Full call number Dátum posledného výskytu Cena s účinnosťou od Typ jednotky Koha
        Kúpa Mestská knižnica Giraltovce Mestská knižnica Giraltovce 2019-11-29 10.00 14309 I 0349 2019-11-29 2019-11-29 Odborná literatúra pre dospelých

Powered by Koha